|
|
|
|
| LEADER |
01480nam a2200409Ia 4500 |
| 001 |
EBC332857 |
| 003 |
MiAaPQ |
| 005 |
20200520144314.0 |
| 006 |
m o d | |
| 007 |
cr cn||||||||| |
| 008 |
071009s2008 nbuab sb s001 0 eng d |
| 010 |
|
|
|z 2007042152
|
| 020 |
|
|
|z 9780803215771 (cloth : alk. paper)
|
| 020 |
|
|
|z 9780803216372
|
| 020 |
|
|
|z 0803215770 (cloth : alk. paper)
|
| 035 |
|
|
|a (MiAaPQ)EBC332857
|
| 035 |
|
|
|a (Au-PeEL)EBL332857
|
| 035 |
|
|
|a (CaPaEBR)ebr10216998
|
| 035 |
|
|
|a (CaONFJC)MIL124132
|
| 035 |
|
|
|a (OCoLC)476135438
|
| 040 |
|
|
|a MiAaPQ
|c MiAaPQ
|d MiAaPQ
|
| 050 |
|
4 |
|a HD9259.B2
|b W52 2008
|
| 082 |
0 |
4 |
|a 338.1/74772
|2 22
|
| 100 |
1 |
|
|a Wiley, James.
|
| 245 |
1 |
4 |
|a The banana
|h [electronic resource] :
|b empires, trade wars, and globalization /
|c James Wiley.
|
| 260 |
|
|
|a Lincoln :
|b University of Nebraska Press,
|c c2008.
|
| 300 |
|
|
|a xxv, 278 p. :
|b ill., maps.
|
| 490 |
1 |
|
|a At table
|
| 504 |
|
|
|a Includes bibliographical references (p. [255]-267) and index.
|
| 533 |
|
|
|a Electronic reproduction. Ann Arbor, MI : ProQuest, 2015. Available via World Wide Web. Access may be limited to ProQuest affiliated libraries.
|
| 650 |
|
0 |
|a Banana trade.
|
| 650 |
|
0 |
|a Banana trade
|z Latin America.
|
| 650 |
|
0 |
|a Banana trade
|z Caribbean Area.
|
| 655 |
|
4 |
|a Electronic books.
|
| 710 |
2 |
|
|a ProQuest (Firm)
|
| 830 |
|
0 |
|a At table series.
|
| 856 |
4 |
0 |
|u https://ebookcentral.proquest.com/lib/matrademy/detail.action?docID=332857
|z Click to View
|